Pettigrew v George Wimpey UK Ltd (Record no. 79918)
[ view plain ]
| 000 -LEADER | |
|---|---|
| fixed length control field | 01882cad a22002175a 4500 |
| 001 - CONTROL NUMBER | |
| control field | L142712 |
| 008 - FIXED-LENGTH DATA ELEMENTS--GENERAL INFORMATION | |
| fixed length control field | 080304e20070629xxk f w 000 0 eng d |
| 035 ## - SYSTEM CONTROL NUMBER | |
| System control number | (Sirsi) u142712 |
| 041 0# - LANGUAGE CODE | |
| Language code of text/sound track or separate title | eng |
| 245 00 - TITLE STATEMENT | |
| Title | Pettigrew v George Wimpey UK Ltd |
| Medium | [electronic resource] |
| 260 ## - PUBLICATION, DISTRIBUTION, ETC. | |
| Date of publication, distribution, etc. | 2007 |
| 520 ## - SUMMARY, ETC. | |
| Summary, etc. | [2007] EWHC 2559 (QB), 29 June 2007. Considers issues which may demonstrate whether the introduction by an agent is responsible for the sale of a property. The claimant estate agent (P) introduced the respondent development company (W) to some development land. P registered W's interest with the vendor (H)'s solicitors twice over four years. However there were personnel changes within W and P's contract for introduction moved on. H made a contract with a developer who was subsequently taken over by W. Purchase of the land by W was made some eight years after P's introduction. P claimed commission on the sale. W argued that P's introduction was not the effective cause of introduction owing to personnel changes and the information not being passed on. "Held": The burden of proof that the introduction was responsible for the sale lay with P. P's introduction had not been considered by W since three years after the introduction, and such information had been destroyed. The purchase came about due to significant personal and company structuring changes involving W and the developer with whom H made contract. Judgment for the defendant. |
| 590 ## - LOCAL NOTE (RLIN) | |
| Local note | KA |
| 650 24 - SUBJECT ADDED ENTRY--TOPICAL TERM | |
| Topical term or geographic name entry element | PETTIGREW V GEORGE WIMPEY UK LTD |
| 650 24 - SUBJECT ADDED ENTRY--TOPICAL TERM | |
| Topical term or geographic name entry element | NAHUM V ROYAL HOLLOWAY AND BEDFORD NEW COLLEGE |
| 651 #4 - SUBJECT ADDED ENTRY--GEOGRAPHIC NAME | |
| Geographic name | England and Wales |
| Chronological subdivision | 1543- |
| 690 ## - LOCAL SUBJECT ADDED ENTRY--TOPICAL TERM (OCLC, RLIN) | |
| Topical term or geographic name as entry element | MANAGEMENT-BUSINESS MANAGEMENT-PROFESSIONAL PRACTICE |
| 690 ## - LOCAL SUBJECT ADDED ENTRY--TOPICAL TERM (OCLC, RLIN) | |
| Topical term or geographic name as entry element | PROPERTY-PROPERTY ACQUISITION AND DISPOSAL |
| 856 40 - ELECTRONIC LOCATION AND ACCESS | |
| Uniform Resource Identifier | <a href="https://www.bailii.org/ew/cases/EWHC/QB/2007/2559.html">https://www.bailii.org/ew/cases/EWHC/QB/2007/2559.html</a> |
| Public note | View the judgment free of charge at www.bailii.org... |
| 942 ## - ADDED ENTRY ELEMENTS (KOHA) | |
| Suppress in OPAC | 0 |
| Withdrawn status | Lost status | Source of classification or shelving scheme | Damaged status | Not for loan | Home library | Current library | Shelving location | Date acquired | Total Checkouts | Full call number | Barcode | Date last seen | Copy number | Price effective from | Koha item type |
|---|---|---|---|---|---|---|---|---|---|---|---|---|---|---|---|
| Dewey Decimal Classification | Virtual | Virtual | Online | 04/03/2008 | ONLINE PUBLICATION | 142712-1001 | 06/08/2019 | 1 | 06/08/2019 | Law report |